Music Quiz

Random Music or Album Quiz
Score 0/9 Timer 01:30
0 Plays Today
Hint Answer % Correct
2004Noise
100%
2006Lights
100%
1996Londinium
66.7%
1999Take my head
66.7%
2009Controlling crowds
66.7%
2002You all look the same to me
50%
2003Michel Vaillant
33.3%
2009Controlling crowds Part IV
33.3%
2012With us until you're dead
16.7%
Remove Ads.
Support Sporcle.
Get the best of Sporcle when you Go Orange. This ad-free experience offers more features, more stats, and more fun while also helping to support Sporcle. Thank you for becoming a member.

You're not logged in!

Compare scores with friends on all Sporcle quizzes.
OR
Log In

Show Comments

Extras

Created Sep 23, 2013ReportNominate
Tags:Album Quiz, Archive, studio

Top Quizzes Today


Score Distribution

Your Account Isn't Verified!

In order to create a playlist on Sporcle, you need to verify the email address you used during registration. Go to your Sporcle Settings to finish the process.

Report this User

Report this user for behavior that violates our Community Guidelines.

Details: